Loading...
Fine Arts - Painting & Sculpture | 0 | 4 | 0 | 0 | 40 | 111 | 135.75 | 0 | 1 |
Fine Arts - Other Fine Arts | 0 | 4 | 0 | 0 | 40 | 118 | 136.50 | 0 | 0 |
Science - Biology | 0 | 4 | 1 | 1 | 35 | 117 | 125.50 | 0 | 0 |
Literature - European Literature | 0 | 3 | 0 | 0 | 30 | 133 | 151.00 | 0 | 0 |
Philosophy | 0 | 3 | 0 | 1 | 30 | 131 | 139.00 | 0 | 0 |
Literature - American Literature | 0 | 3 | 1 | 1 | 25 | 83 | 114.67 | 0 | 1 |
Social Science | 0 | 2 | 0 | 1 | 20 | 121 | 127.50 | 0 | 0 |
Geography | 0 | 2 | 0 | 0 | 20 | 132 | 135.00 | 0 | 0 |
Literature - World Literature | 0 | 2 | 0 | 2 | 20 | 159 | 162.50 | 0 | 0 |
Religion | 0 | 2 | 0 | 0 | 20 | 100 | 101.50 | 0 | 0 |
Science - Other Science | 0 | 2 | 0 | 1 | 20 | 132 | 137.00 | 0 | 0 |
Fine Arts - Classical Music | 0 | 2 | 0 | 0 | 20 | 138 | 145.00 | 0 | 0 |
History - American History | 0 | 2 | 1 | 1 | 15 | 136 | 138.50 | 0 | 0 |
Mythology | 0 | 1 | 0 | 0 | 10 | 142 | 142.00 | 0 | 0 |
History - World History | 0 | 2 | 2 | 1 | 10 | 142 | 142.50 | 0 | 0 |
Literature - British Literature | 0 | 1 | 0 | 1 | 10 | 139 | 139.00 | 0 | 0 |
History - Other History | 0 | 1 | 2 | 0 | 0 | 159 | 159.00 | 0 | 0 |
Science - Chemistry | 0 | 0 | 0 | 0 | 0 | 0.00 | 0 | 0 | |
History - European History | 0 | 1 | 2 | 0 | 0 | 128 | 128.00 | 0 | 0 |
Science - Physics | 0 | 0 | 0 | 0 | 0 | 0.00 | 0 | 0 | |
Other Academic | 0 | 0 | 1 | 0 | -5 | 0.00 | 0 | 0 |